♫ "Break My Face" - Lyrics - AJR ♫ - Statistics

General Stats
  • This quiz has been taken 100 times
    56 since last reset
  • The average score is 228 of 276
Answer Stats
Lyric % Correct
I
100%
Ah,
96%
ah,
96%
ah
96%
face,
96%
face
96%
face)
96%
my
96%
My
96%
(My
96%
You
96%
you
96%
you)
96%
a
93%
break
93%
if
93%
is
93%
Okay!
93%
okay
93%
okay?
93%
So
93%
so
93%
it
89%
just
89%
ain't
82%
don't
82%
great
82%
the
82%
At
79%
at
79%
least
79%
look
79%
your
79%
and
71%
darkest
71%
day
71%
every
71%
fell
71%
It's
71%
lemons
71%
no
71%
on
71%
out
71%
right
71%
What
71%
(What
71%
But
68%
doesn't
68%
gave
68%
gives
68%
ground
68%
kill
68%
Life
68%
Makes
68%
makes
68%
(Makes
68%
roll
68%
something
68%
there
68%
tongue
68%
ugly
68%
ugly)
68%
can't,
64%
can't
64%
eyes
64%
down
61%
hundred
61%
I'm
61%
interstate
61%
mouth,
61%
mouth
61%
now,
61%
now
61%
phony
61%
rolled
61%
run
61%
They
61%
times
61%
are
57%
away,
54%
drown
54%
got
54%
never
54%
you'll
54%
all
50%
bad
50%
cry
50%
lie,
50%
today
46%
going
39%
everything
36%
'Cause
29%
No matching quizzes found
Score Distribution
Percent of People with Each Score
Percentile by Number Answered
Your Score History
You have not taken this quiz since the last reset